Detalles MARC
| 000 -LEADER |
| fixed length control field |
02620nam a2200313 a 4500 |
| 001 - CONTROL NUMBER |
| control field |
|
| 003 - CONTROL NUMBER IDENTIFIER |
| control field |
DO-SdBNP |
| 005 - DATE AND TIME OF LATEST TRANSACTION |
| control field |
20210830130550.0 |
| 008 - FIXED-LENGTH DATA ELEMENTS--GENERAL INFORMATION |
| fixed length control field |
110314s2010 dr a r 001 | spa d |
| 020 ## - INTERNATIONAL STANDARD BOOK NUMBER |
| International Standard Book Number |
9789945870916 |
| 040 ## - CATALOGING SOURCE |
| Original cataloging agency |
DO-SdBNP |
| Language of cataloging |
spa |
| Transcribing agency |
BPMSU |
| 082 ## - DEWEY DECIMAL CLASSIFICATION NUMBER |
| Classification number |
324.97293 |
| Item number |
C639c 2010 |
| Edition number |
22 |
| 100 1# - MAIN ENTRY--PERSONAL NAME |
| Personal name |
Clime, Danilo P. |
| 245 10 - TITLE STATEMENT |
| Title |
Ciclos políticos-electorales dominicano : |
| Remainder of title |
(ánalisis del sistema político-electoral dominicano y consideraciones generales para el estudio de los sistemas políticos y los procesos electorales latinoamericanos) |
| Statement of responsibility, etc. |
Danilo P. Clime. |
| 246 14 - VARYING FORM OF TITLE |
| Title proper/short title |
Ciclos políticos-electorales dominicano |
| 260 ## - PUBLICATION, DISTRIBUTION, ETC. (IMPRINT) |
| Place of publication, distribution, etc. |
Santo Domingo : |
| Name of publisher, distributor, etc. |
Instituto para el Estudios de la Conducta Política, |
| Date of publication, distribution, etc. |
2010. |
| 300 ## - PHYSICAL DESCRIPTION |
| Extent |
698 p. : |
| Other physical details |
il. ; |
| Dimensions |
23 cm. |
| 500 ## - GENERAL NOTE |
| General note |
Incluye referencias bibliográficas y notas al pie de las páginas. |
| 500 ## - GENERAL NOTE |
| General note |
Incluye índice |
| 500 ## - GENERAL NOTE |
| General note |
Incluye datos biográficos del autor en las solapas |
| 500 ## - GENERAL NOTE |
| General note |
Análisis del sistema político-electoral dominicano y consideraciones generales para el estudio de los sistemas políticos y los procesos electorales latinoamericanos. |
| 500 ## - GENERAL NOTE |
| General note |
Incluye índice onomástico. |
| 505 0# - FORMATTED CONTENTS NOTE |
| Formatted contents note |
Breve introducción -- Elecciones, procesos histórico-políticos y estructrutura social -- Elementos conseptuales básicos -- Ciclos electorales dominicanos : una primera consideración general -- Elementos para una construción tipológica del proceso-electoral dominicano -- Explicaciones básicas sobre los diferentes estudios ´político-electorales dominicanos -- Elementos de referencia básicos para la explicación del estado político-electoral, referido a la autocracia personalista post -colonial -- Elementos explicativos del estado político-electoral referido a la anarquía caudillista -- Elementos explicativos del estado político-electoral, caracterizado por la tensión, conflicto y violencia estatal -- Elementos explicativos del estado político-electoral de la autocracia ejercida por un caudillo centralizante -- Elementos explicativos del estado político-electoral de acentuada crísis constitucional y el bonapartismo extranjero -- Elementos de referencia básics para la explicación del estado político-- electoral de la busqueda por instaurar un modelo democrático eficiente y la modernización -- Realidades y características del sistema político-electoral dominicano una perspectiva global.<br/> |
| 590 ## - LOCAL NOTE (RLIN) |
| Local note |
Inventariado, 2021/VM |
| 650 #4 - SUBJECT ADDED ENTRY--TOPICAL TERM |
| Topical term or geographic name as entry element |
Elecciones |
| Geographic subdivision |
República Dominicana |
| General subdivision |
Historia |
| 651 #4 - SUBJECT ADDED ENTRY--GEOGRAPHIC NAME |
| Geographic name |
República Dominicana |
| General subdivision |
Política gobierno |
| 910 ## - USER-OPTION DATA (OCLC) |
| User-option data |
VMateo V. |
| 942 ## - ADDED ENTRY ELEMENTS (KOHA) |
| Source of classification or shelving scheme |
Dewey Decimal Classification |
| Koha item type |
Libros |